| 000 | 00447nam a2200181Ia 4500 | ||
|---|---|---|---|
| 003 | GCL | ||
| 008 | 140319s9999 xx 000 0 eng d | ||
| 040 |
_aGCL / _cGCL |
||
| 082 | 0 | 4 |
_a843 _bF B |
| 100 | 1 | _aFALLET, RENE | |
| 245 | 1 | 0 |
_aLE BRACONNIER DE DIEU / _cFALLET, RENE |
| 260 |
_a[S.N] : _bDENOEL ، _c1991 |
||
| 300 | _a211 P | ||
| 490 |
_aCOLLECTION FOLIO _v0 |
||
| 650 | 0 | 4 | _aLITERATURE |
| 650 | 0 | 4 | _aFRENCH LITERATURE |
| 942 |
_2ddc _cBK |
||
| 999 |
_c23198 _d23198 |
||